[Event "HUN-chT2 Asztalos 1516"]
[Site "Hungary"]
[Date "2016.02.28"]
[Round "8.10"]
[White "Nagy, Balazs"]
[Black "Csatho, Gabor"]
[Result "1-0"]
[WhiteElo "1768"]
[BlackElo "1720"]
[PlyCount "119"]
[EventDate "2015.09.13"]
[EventType "team-tourn"]
[EventRounds "11"]
[EventCountry "HUN"]
[SourceTitle "EXT 2017"]
[Source "ChessBase"]
[SourceDate "2016.10.25"]
[SourceVersion "1"]
[SourceVersionDate "2016.10.25"]
[SourceQuality "1"]
[WhiteTeam "Marcali"]
[BlackTeam "Kiraly Sakk"]
[WhiteTeamCountry "HUN"]
[BlackTeamCountry "HUN"]

1. d4 d5 2. Nf3 Bf5 3. Nbd2 Nc6 4. c3 e6 5. e3 a6 6. Ne5 Nce7 7. g4 Bg6 8. h4 h6 9. Nxg6 Nxg6 10. Bd3 Nxh4 11. e4 Ng2+ 12. Kf1 Nf4 13. Bc2 Qd7 14. Ba4 b5 15. Bc2 dxe4 16. Nxe4 Ng6 17. Qf3 c6 18. Be3 Nf6 19. Nxf6+ gxf6 20. Bxg6 fxg6 21. Qxf6 Rg8 22. Bxh6 Qd5 23. Rh3 Be7 24. Qf4 0-0-0 25. Qe3 Qc4+ 26. Kg1 g5 27. Rh5 Rg6 28. Bxg5 Qd5 29. f4 Rdg8 30. Kf2 Bxg5 31. Rxg5 Rxg5 32. fxg5 Rxg5 33. Kg3 Rg8 34. Re1 Kd7 35. b3 Rf8 36. Qe4 Qd6+ 37. Qe5 Qe7 38. c4 Qf7 39. Qe3 Rh8 40. d5 Kc8 41. Qxe6+ Qxe6 42. Rxe6 cxd5 43. cxd5 Kb7 44. a4 b4 45. a5 Rd8 46. Rb6+ Kc7 47. d6+ Rxd6 48. Rxd6 Kxd6 49. g5 Ke6 50. Kf4 Kf7 51. Kf5 Kg7 52. g6 Kg8 53. Ke6 Kg7 54. Kd5 Kxg6 55. Kc4 Kf6 56. Kxb4 Ke6 57. Kc5 Kd7 58. Kb6 Kd6 59. b4 Kd7 60. Kxa6 1-0

[Event "Budapest Karacsonyi 7th"]
[Site "Budapest"]
[Date "2015.12.28"]
[Round "3"]
[White "Budai, Istvan"]
[Black "Csatho, Gabor"]
[Result "0-1"]
[WhiteElo "1639"]
[BlackElo "1707"]
[PlyCount "58"]
[EventDate "2015.12.27"]
[EventType "swiss"]
[EventRounds "7"]
[EventCountry "HUN"]
[SourceTitle "CBM 170 Extra"]
[Source "ChessBase"]
[SourceDate "2016.02.25"]
[SourceVersion "1"]
[SourceVersionDate "2016.02.25"]
[SourceQuality "1"]

1. d4 d5 2. Nf3 Bf5 3. Nc3 e6 4. e3 Nf6 5. h3 h6 6. a3 Bd6 7. Bd3 Ne4 8. Bxe4 dxe4 9. Nd2 Qf6 10. Qe2 Bg6 11. g3 Qe7 12. Ncxe4 f5 13. Nxd6+ cxd6 14. Qb5+ Nc6 15. h4 0-0 16. Nf3 Be8 17. Qd3 e5 18. Qc4+ Bf7 19. d5 Rac8 20. Qa2 Nd4 21. Nxd4 exd4 22. 0-0 Qe4 23. f3 Qe5 24. Kh2 Rxc2+ 25. Kh3 Bxd5 26. Qb1 Rfc8 27. e4 fxe4 28. Bf4 Qf5+ 29. g4 Qxf4 0-1

[Event "Baptista Christmas op-A"]
[Site "Budapest"]
[Date "2015.12.21"]
[Round "6"]
[White "Yip, Michael"]
[Black "Csatho, Gabor"]
[Result "1-0"]
[WhiteElo "1937"]
[BlackElo "1707"]
[PlyCount "71"]
[EventDate "2015.12.19"]
[EventType "swiss"]
[EventRounds "6"]
[EventCountry "HUN"]
[SourceTitle "EXT 2025"]
[Source "ChessBase"]
[SourceDate "2024.10.14"]
[SourceVersion "1"]
[SourceVersionDate "2024.10.14"]
[SourceQuality "1"]

1. d4 d5 2. c4 e6 3. Nc3 c6 4. Nf3 f5 5. Bf4 Bd6 6. e3 Bxf4 7. exf4 Nd7 8. Bd3 Ngf6 9. 0-0 Ne4 10. Qc2 Ndf6 11. c5 Nh5 12. g3 h6 13. Ne5 g5 14. f3 Nexg3 15. hxg3 Nxg3 16. Qh2 gxf4 17. Kf2 Qf6 18. Rg1 Bd7 19. Ne2 Nxe2 20. Qh5+ Kd8 21. Kxe2 Kc7 22. Qh2 Rag8 23. Qxf4 Kc8 24. Rg3 Rg5 25. Rag1 Rhg8 26. Kf2 Be8 27. b4 Qd8 28. a4 a6 29. Be2 Bh5 30. b5 axb5 31. axb5 cxb5 32. Ra1 Rxg3 33. Ra8+ Kc7 34. Nf7+ Kd7 35. Qd6+ Ke8 36. Qxe6+ 1-0

[Event "Baptista Christmas op-A"]
[Site "Budapest"]
[Date "2015.12.19"]
[Round "2"]
[White "Gaspar, Zoltan"]
[Black "Csatho, Gabor"]
[Result "1/2-1/2"]
[WhiteElo "2061"]
[BlackElo "1707"]
[PlyCount "37"]
[EventDate "2015.12.19"]
[EventType "swiss"]
[EventRounds "6"]
[EventCountry "HUN"]
[SourceTitle "EXT 2025"]
[Source "ChessBase"]
[SourceDate "2024.10.14"]
[SourceVersion "1"]
[SourceVersionDate "2024.10.14"]
[SourceQuality "1"]

1. e4 e5 2. f4 exf4 3. Nf3 g5 4. Bc4 Nc6 5. d4 Bg7 6. c3 h6 7. 0-0 Nge7 8. g3 g4 9. Bxf4 gxf3 10. Qxf3 0-0 11. Qh5 d5 12. exd5 Na5 13. Bd3 Qxd5 14. Be5 Bxe5 15. Qxe5 Qxe5 16. dxe5 Nac6 17. Re1 Ng6 18. e6 Bxe6 19. Bxg6 1/2-1/2

[Event "HUN-chT2 Asztalos 1516"]
[Site "Hungary"]
[Date "2015.11.29"]
[Round "5.11"]
[White "Bernath, Bence"]
[Black "Csatho, Gabor"]
[Result "1/2-1/2"]
[WhiteElo "1307"]
[BlackElo "1720"]
[PlyCount "67"]
[EventDate "2015.09.13"]
[EventType "team-tourn"]
[EventRounds "11"]
[EventCountry "HUN"]
[SourceTitle "CBM 170 Extra"]
[Source "ChessBase"]
[SourceDate "2016.02.25"]
[SourceVersion "1"]
[SourceVersionDate "2016.02.25"]
[SourceQuality "1"]
[WhiteTeam "Pet"]
[BlackTeam "Kiraly Sakk"]
[WhiteTeamCountry "HUN"]
[BlackTeamCountry "HUN"]

1. e4 e5 2. Nf3 Nc6 3. d4 exd4 4. Nxd4 Qh4 5. Nc3 Bb4 6. Ndb5 Ba5 7. Bd3 a6 8. Na3 b5 9. Nab1 Nf6 10. 0-0 0-0 11. Qf3 Ne5 12. Qf4 Qxf4 13. Bxf4 Nxd3 14. cxd3 d6 15. Nd2 Bb6 16. Nf3 Bg4 17. Be3 Bxf3 18. gxf3 c5 19. Rad1 Rad8 20. d4 h6 21. e5 cxd4 22. exf6 dxe3 23. Kg2 gxf6 24. fxe3 Bxe3 25. Ne4 f5 26. Nxd6 f4 27. Nf5 Kh7 28. Ne7 Rd2+ 29. Rxd2 Bxd2 30. Rd1 Re8 31. Nf5 Re2+ 32. Kf1 Rxh2 33. Kg1 Re2 34. Kf1 1/2-1/2

[Event "HUN-chT2 Asztalos 1516"]
[Site "Hungary"]
[Date "2015.09.13"]
[Round "1.10"]
[White "Szabo, Csaba O"]
[Black "Csatho, Gabor"]
[Result "1-0"]
[WhiteElo "1776"]
[BlackElo "1720"]
[PlyCount "113"]
[EventDate "2015.09.13"]
[EventType "team-tourn"]
[EventRounds "11"]
[EventCountry "HUN"]
[SourceTitle "CBM 170 Extra"]
[Source "ChessBase"]
[SourceDate "2016.02.25"]
[SourceVersion "1"]
[SourceVersionDate "2016.02.25"]
[SourceQuality "1"]
[WhiteTeam "Pecs Karmin"]
[BlackTeam "Kiraly Sakk"]
[WhiteTeamCountry "HUN"]
[BlackTeamCountry "HUN"]

1. d4 d5 2. Bf4 Bf5 3. Nf3 Nc6 4. c3 Nf6 5. e3 Nh5 6. Be5 f6 7. Bg3 Nxg3 8. hxg3 g5 9. Bd3 Qd7 10. Bxf5 Qxf5 11. Nbd2 0-0-0 12. Qb1 Qxb1+ 13. Nxb1 e5 14. dxe5 Nxe5 15. Nxe5 fxe5 16. Nd2 d4 17. cxd4 exd4 18. e4 Bb4 19. 0-0-0 Bxd2+ 20. Rxd2 c5 21. f4 Rde8 22. e5 gxf4 23. gxf4 Rhf8 24. g3 Rf7 25. Rdh2 Rg7 26. Rh3 Reg8 27. Rg1 Rf7 28. Rh4 Kd7 29. Kd2 Ke6 30. Ke2 b5 31. Kf3 Kd5 32. Re1 Re8 33. Rh6 Re6 34. Rxe6 Kxe6 35. Ke4 h5 36. Rc1 c4 37. Kxd4 h4 38. Ke4 hxg3 39. Rg1 a5 40. Rxg3 b4 41. Rg6+ Ke7 42. Rc6 b3 43. Rxc4 bxa2 44. Ra4 Ke8 45. Rxa5 Rb7 46. Rxa2 Rb4+ 47. Kf5 Rb7 48. Ke6 Re7+ 49. Kd5 Rd7+ 50. Kc6 Ke7 51. f5 Rd8 52. Ra7+ Ke8 53. Rb7 Rd2 54. f6 Rc2+ 55. Kd6 Rd2+ 56. Ke6 Rd8 57. Rh7 1-0

[Event "HUN-chT2 Asztalos 1314"]
[Site "Hungary"]
[Date "2014.02.16"]
[Round "5"]
[White "Csatho, Gabor"]
[Black "Gyori, Barnabas"]
[Result "0-1"]
[WhiteElo "1777"]
[BlackElo "1670"]
[PlyCount "78"]
[EventDate "2013.09.08"]
[EventType "team-tourn"]
[EventRounds "9"]
[EventCountry "HUN"]
[SourceTitle "EXT 2016"]
[Source "ChessBase"]
[SourceDate "2015.10.08"]
[SourceVersion "1"]
[SourceVersionDate "2015.10.08"]
[SourceQuality "1"]
[WhiteTeam "Kiraly Sakk"]
[BlackTeam "Pecs Karmin"]
[WhiteTeamCountry "HUN"]
[BlackTeamCountry "HUN"]

1. e4 c5 2. Nf3 Nc6 3. d4 cxd4 4. Nxd4 Nf6 5. Nc3 e5 6. Ndb5 d6 7. Bg5 a6 8. Bxf6 gxf6 9. Na3 b5 10. Nd5 Bg7 11. c3 0-0 12. Nc2 f5 13. Bd3 Ne7 14. Nce3 f4 15. Nf5 Bxf5 16. exf5 Nxd5 17. Be4 Nf6 18. Bxa8 Qxa8 19. 0-0 d5 20. g4 fxg3 21. fxg3 Qa7+ 22. Kg2 d4 23. g4 Qb7+ 24. Kh3 Qe4 25. Re1 Qf4 26. a4 Ne4 27. Rxe4 Qxe4 28. axb5 axb5 29. Qf1 Qe3+ 30. Kg2 d3 31. Re1 Qd2+ 32. Kh3 Re8 33. g5 e4 34. g6 hxg6 35. fxg6 fxg6 36. Qg1 e3 37. Rd1 Qxd1 38. Qxd1 e2 39. Qb3+ Kh7 0-1

[Event "Budapest Art Pub Cup 3rd"]
[Site "Budapest"]
[Date "2014.01.05"]
[Round "7"]
[White "Terbe, Julianna"]
[Black "Csatho, Gabor"]
[Result "1-0"]
[WhiteElo "2040"]
[BlackElo "1769"]
[PlyCount "53"]
[EventDate "2014.01.02"]
[EventType "swiss"]
[EventRounds "7"]
[EventCountry "HUN"]
[SourceTitle "CBM 158 Extra"]
[Source "ChessBase"]
[SourceDate "2014.02.28"]
[SourceVersion "1"]
[SourceVersionDate "2014.02.28"]
[SourceQuality "1"]

1. Nf3 f5 2. e4 fxe4 3. Ng5 Nf6 4. d3 e3 5. Bxe3 e5 6. d4 h6 7. dxe5 hxg5 8. exf6 gxf6 9. Bc4 c6 10. Qd3 d5 11. Qg6+ Kd7 12. Nc3 Kc7 13. 0-0-0 Be6 14. Bxg5 Nd7 15. Bf4+ Kc8 16. Be2 Bb4 17. Qd3 Nc5 18. Qd4 Bxc3 19. Qxc3 Nd7 20. Bf3 Nb6 21. Rhe1 Kd7 22. Re2 Re8 23. Rde1 f5 24. g4 fxg4 25. Bxg4 Bxg4 26. Rxe8 Qxe8 27. Qg7+ 1-0

[Event "Budapest Art Pub Cup 3rd"]
[Site "Budapest"]
[Date "2014.01.04"]
[Round "5"]
[White "Csatho, Gabor"]
[Black "Karacsonyi, Kata"]
[Result "1-0"]
[WhiteElo "1769"]
[BlackElo "1325"]
[PlyCount "55"]
[EventDate "2014.01.02"]
[EventType "swiss"]
[EventRounds "7"]
[EventCountry "HUN"]
[SourceTitle "CBM 158 Extra"]
[Source "ChessBase"]
[SourceDate "2014.02.28"]
[SourceVersion "1"]
[SourceVersionDate "2014.02.28"]
[SourceQuality "1"]

1. e4 e5 2. Nf3 Nc6 3. d4 exd4 4. Bc4 Nf6 5. Ng5 Ne5 6. Bb3 h6 7. Qxd4 d6 8. f4 hxg5 9. fxe5 Ng4 10. exd6 Bxd6 11. Qxg7 Rf8 12. Bxg5 Be7 13. Bxe7 Qxe7 14. Ba4+ c6 15. Nc3 Bd7 16. Qd4 Qh4+ 17. g3 Qh3 18. 0-0-0 Qh6+ 19. Kb1 0-0-0 20. Qxa7 Kc7 21. Qc5 Rfe8 22. Nb5+ Kc8 23. Nd6+ Kc7 24. Qa5+ Kb8 25. Nxe8 Rxe8 26. Rxd7 Qe3 27. Qc7+ Ka7 28. Qxb7# 1-0

[Event "HUN-chT2 Asztalos 1112"]
[Site "Hungary"]
[Date "2012.04.22"]
[Round "9.9"]
[White "Balazs, Andras1"]
[Black "Csatho, Gabor"]
[Result "1-0"]
[WhiteElo "1988"]
[BlackElo "1804"]
[PlyCount "83"]
[EventDate "2011.09.25"]
[EventType "team-tourn"]
[EventRounds "11"]
[EventCountry "HUN"]
[SourceTitle "EXT 2013"]
[Source "ChessBase"]
[SourceDate "2012.11.22"]
[SourceVersion "1"]
[SourceVersionDate "2012.11.22"]
[SourceQuality "1"]
[WhiteTeam "Mohacs"]
[BlackTeam "Dunaujvaros"]
[WhiteTeamCountry "HUN"]
[BlackTeamCountry "HUN"]

1. d4 Nf6 2. c4 g6 3. Nc3 d5 4. e3 Bg7 5. Nf3 0-0 6. Be2 c5 7. dxc5 Qa5 8. 0-0 dxc4 9. Bxc4 Qxc5 10. Be2 Nc6 11. Bd2 Rd8 12. Qc1 Bf5 13. Nh4 Bd3 14. Bxd3 Rxd3 15. Rd1 Ne5 16. Be1 g5 17. Nf3 Nxf3+ 18. gxf3 Qd6 19. Qc2 Rd8 20. Rxd3 Qxd3 21. Qa4 Qg6 22. Qxa7 e5 23. Qxb7 g4 24. fxg4 Qxg4+ 25. Qg2 Qh5 26. a4 Kh8 27. f3 Bh6 28. Qe2 e4 29. f4 Qh3 30. Bg3 Rg8 31. Qg2 Qe6 32. a5 Bf8 33. a6 Bc5 34. Qe2 Ng4 35. Nd1 Qb6 36. a7 Nxe3 37. a8Q Nxd1+ 38. Kh1 Nf2+ 39. Bxf2 Bxf2 40. Qaxe4 Bh4 41. Q2e3 Qd8 42. Q4d4+ 1-0

[Event "HUN-chT2 Asztalos 1011"]
[Site "Hungary"]
[Date "2011.04.10"]
[Round "8.9"]
[White "Csatho, Gabor"]
[Black "Turi, Istvan"]
[Result "1/2-1/2"]
[WhiteElo "1784"]
[BlackElo "1859"]
[PlyCount "105"]
[EventDate "2010.09.12"]
[EventType "team-tourn"]
[EventRounds "11"]
[EventCountry "HUN"]
[SourceTitle "EXT 2012"]
[Source "ChessBase"]
[SourceDate "2011.11.24"]
[SourceVersion "1"]
[SourceVersionDate "2011.11.24"]
[SourceQuality "1"]
[WhiteTeam "Dunajvaros"]
[BlackTeam "Baja"]
[WhiteTeamCountry "HUN"]
[BlackTeamCountry "HUN"]

1. e4 Nf6 2. e5 Nd5 3. d4 d6 4. c4 Nb6 5. Nf3 Bg4 6. h3 Bxf3 7. Qxf3 dxe5 8. Qxb7 exd4 9. c5 Qd5 10. Bb5+ Kd8 11. Qxd5+ Nxd5 12. a3 e5 13. Bc4 c6 14. b4 a6 15. 0-0 Be7 16. Nd2 h6 17. Nb3 Rf8 18. Na5 Kc7 19. Nb3 Nd7 20. Re1 g5 21. Nxd4 Bxc5 22. Nf5 Bd6 23. Nxh6 f6 24. Nf5 N7b6 25. Bb3 Rfd8 26. Bc2 a5 27. bxa5 Rxa5 28. Ng7 Kd7 29. Bf5+ Ke7 30. Ne6 Rg8 31. Nd4 Rc5 32. a4 Rc4 33. a5 Ra8 34. Bb2 Nc8 35. Bd3 Rc5 36. a6 Nb4 37. Nf5+ Kd7 38. Nxd6 Nxd3 39. Nxc8 Kxc8 40. Re2 Nf4 41. Re3 Nd5 42. Re4 Rb5 43. Bxe5 fxe5 44. Rxe5 Nc7 45. Re7 Kd8 46. Rh7 Rxa6 47. Re1 Raa5 48. Ree7 Nd5 49. Ref7 Ra1+ 50. Kh2 Re1 51. Ra7 Rb8 52. Rhg7 Nf6 53. Rxg5 1/2-1/2

[Event "HUN-chT2 Asztalos 1011"]
[Site "Hungary"]
[Date "2011.03.27"]
[Round "7.10"]
[White "Csatho, Gabor"]
[Black "Haszon, Attila"]
[Result "0-1"]
[WhiteElo "1784"]
[BlackElo "1741"]
[PlyCount "76"]
[EventDate "2010.09.12"]
[EventType "team-tourn"]
[EventRounds "11"]
[EventCountry "HUN"]
[SourceTitle "EXT 2012"]
[Source "ChessBase"]
[SourceDate "2011.11.24"]
[SourceVersion "1"]
[SourceVersionDate "2011.11.24"]
[SourceQuality "1"]
[WhiteTeam "Dunajvaros"]
[BlackTeam "Marcali"]
[WhiteTeamCountry "HUN"]
[BlackTeamCountry "HUN"]

1. e4 c6 2. d4 d5 3. Nc3 dxe4 4. Nxe4 Bf5 5. Ng3 Bg6 6. h4 h6 7. h5 Bh7 8. Nf3 Nd7 9. Bd3 Bxd3 10. Qxd3 Qc7 11. Ne4 Ngf6 12. Nxf6+ Nxf6 13. Ne5 e6 14. g3 Bd6 15. Nc4 0-0-0 16. Bd2 Rhe8 17. Ba5 b6 18. Nxd6+ Rxd6 19. Qa6+ Qb7 20. Qxb7+ Kxb7 21. Bc3 Nd5 22. 0-0-0 Nxc3 23. bxc3 Red8 24. Rh4 c5 25. Rg4 Rg8 26. Kb2 c4 27. Rf4 f6 28. Re1 b5 29. Rfe4 Re8 30. g4 Kc7 31. f4 Kd7 32. f5 a5 33. a4 bxa4 34. Ka3 Re7 35. Kxa4 Re8 36. Kxa5 Ra8+ 37. Kb4 exf5 38. Kxc4 fxe4 0-1

[Event "Dunaujvaros op"]
[Site "Dunaujvaros"]
[Date "2011.03.14"]
[Round "5"]
[White "Csatho, Gabor"]
[Black "Haszon, Kamilla Sara"]
[Result "0-1"]
[WhiteElo "1804"]
[BlackElo "1779"]
[PlyCount "152"]
[EventDate "2011.03.12"]
[EventType "swiss"]
[EventRounds "7"]
[EventCountry "HUN"]
[SourceTitle "CBM 141 Extra"]
[Source "ChessBase"]
[SourceDate "2011.05.03"]
[SourceVersion "1"]
[SourceVersionDate "2011.05.03"]
[SourceQuality "1"]

1. e4 c5 2. Nf3 d6 3. d4 cxd4 4. Qxd4 Nc6 5. Bb5 Bd7 6. Bxc6 Bxc6 7. Nc3 Nf6 8. Bg5 e6 9. 0-0-0 Be7 10. Rhe1 0-0 11. e5 dxe5 12. Qh4 Qc7 13. Nxe5 Rac8 14. Rd3 Nd5 15. Bxe7 Nxe7 16. Nxc6 bxc6 17. Ne4 Qa5 18. b4 Ng6 19. Qxh7+ Kxh7 20. bxa5 Nf4 21. Rf3 Nd5 22. a3 Rb8 23. c4 Ne7 24. Ree3 Nf5 25. Rd3 Rb7 26. g4 Nh6 27. Nc5 Re7 28. h3 e5 29. Rd6 e4 30. Re3 f5 31. g5 Ng8 32. Rxc6 Rd8 33. Ne6 Rde8 34. Nd4 f4 35. Re1 e3 36. f3 Rb7 37. a6 Rd7 38. Ne2 Ne7 39. Re6 Rc8 40. Re4 Ng6 41. Nxf4 Nxf4 42. Rxf4 Rd3 43. Re4 Rxa3 44. R4xe3 Rxe3 45. Rxe3 Rxc4+ 46. Kb2 Rc6 47. Ra3 Rc5 48. f4 Kg6 49. Kb3 Kf5 50. Kb4 Rc1 51. Rc3 Rb1+ 52. Rb3 Rc1 53. Kb5 Kxf4 54. Rb4+ Kxg5 55. Rg4+ Kf6 56. h4 Rb1+ 57. Kc5 Rc1+ 58. Kd6 Ra1 59. h5 Rxa6+ 60. Kd7 Ra1 61. Kc7 a5 62. Kb6 a4 63. Kb5 a3 64. Kb4 a2 65. Kb3 Rh1 66. Kxa2 Rxh5 67. Kb3 Rd5 68. Kc4 Rd8 69. Rd4 Rxd4+ 70. Kxd4 Kf5 71. Ke3 Kg4 72. Kf2 Kh3 73. Kg1 g6 74. Kh1 g5 75. Kg1 g4 76. Kh1 g3 0-1